Técnicas para el análisis de datos demográficos deficientes /

Obra sobre las nuevas metodologías de análisis de la información demográfica. La obra da por supuesto que se maneja la recolección en sí de los datos y se centra en explicar esas técnicas, con frecuencia llamadas indirectas, en la medida en que no se basan en el acercamiento a los datos del registro...

Fuld beskrivelse

Guardado en:
Bibliografiske detaljer
Hovedforfatter: Wunsch, Guillaume (autor)
Format: Bog
Sprog:spansk
Fag:
Tags: Tilføj Tag
Ingen Tags, Vær først til at tagge denne postø!

MARC

LEADER 00000nam^a2200000^a^4500
001 000034687
005 20250521000000.0
009 20260310085245.793
020 |a 968-12-0469-7 
037 |a Acervo ITESO - Biblioteca 
041 |a ESP 
082 |a 304. 6  |b WUN 
100 |a Wunsch, Guillaume  |e (autor) 
245 1 0 |a Técnicas para el análisis de datos demográficos deficientes /  |c G. Wunsch; tr. por: Daniel Hiernaux Nicolas. 
264 |a México :  |b El Colegio de México,  |c 1992 
300 |a 244 p. 
336 |a texto  |b txt  |2 rdacontenido 
337 |a sin mediación  |b n  |2 rdamedio 
338 |a volumen  |b nc  |2 rdasoporte 
500 |a Traducción de: Techniques d'analyse des données démographiques 
520 |a Obra sobre las nuevas metodologías de análisis de la información demográfica. La obra da por supuesto que se maneja la recolección en sí de los datos y se centra en explicar esas técnicas, con frecuencia llamadas indirectas, en la medida en que no se basan en el acercamiento a los datos del registro civil y del censo, como lo hacen las técnicas clásicas. Dichas técnicas se sustentan en una observación retrospectiva obtenida por medio de preguntas obtenidas en una encuesta y relacionadas con el pasado del individuo o con la situación de sus parientes cercanos. 
649 |a XX 
650 |a Sociología 
650 |a Demografía 
910 |a Fondo General 
920 |a Impresos - Libros 
930 |a Colección General 
905 |a 101 
901 |a 0346870100  |b IT1  |c ACC  |i 034687  |u 20250521 
902 |a https://opac.biblio.iteso.mx/vufind/Record/000034687